[Event "Aeroflot Open 2011 B"]
[Site "Moscu RUS"]
[Date "2011.02.15"]
[Round "8.44"]
[White "Mammadova, Gulnar Marfat"]
[Black "Vishnu, Prasanna V"]
[Result "1/2-1/2"]
[WhiteElo "2284"]
[BlackElo "2369"]
[PlyCount "113"]
[EventDate "2011.02.08"]
[EventType "swiss"]
[EventRounds "9"]
[EventCountry "RUS"]
[Source "lmi"]
[SourceDate "2011.02.08"]

1. e4 e5 2. Nf3 Nc6 3. Bc4 Nf6 4. d3 h6 5. O-O d6 6. c3 g6 7. Re1 Bg7 8. Nbd2
O-O 9. Bb3 Nd7 10. Nf1 Nc5 11. Bc2 Ne6 12. Ng3 Qf6 13. Be3 Nf4 14. Qd2 Bg4 15.
Bxf4 exf4 16. Nf1 Bxf3 17. gxf3 Ne5 18. Qe2 c5 19. Nd2 Qh4 20. Rad1 g5 21. d4
cxd4 22. cxd4 Ng6 23. e5 dxe5 24. Bxg6 fxg6 25. dxe5 g4 26. Kh1 Rae8 27. fxg4
Rxe5 28. Qc4+ Kh7 29. Rxe5 Bxe5 30. Qe6 Bg7 31. Ne4 Qh3 32. Qb3 Qxg4 33. f3 Qh3
34. Kg1 Kh8 35. Nc5 Re8 36. Ne4 b6 37. Qd3 Qf5 38. Rc1 Qe5 39. b3 g5 40. h3 a5
41. Kg2 Qe6 42. Qb5 Qe5 43. Qd7 Qe6 44. Qb5 Qe5 45. Qd7 Qe7 46. Qb5 Qd8 47. Rc6
Rxe4 48. fxe4 Qd2+ 49. Kf3 Qd1+ 50. Qe2 Qd7 51. Qc4 Qxh3+ 52. Ke2 Qg2+ 53. Kd1
Qg1+ 54. Kc2 Qf2+ 55. Kd1 Qg1+ 56. Kc2 Qf2+ 57. Kd1 1/2-1/2

[Event "Aeroflot Open 2011 B"]
[Site "Moscu RUS"]
[Date "2011.02.15"]
[Round "8.45"]
[White "Shevelev, Arkady"]
[Black "Malek, Daniel"]
[Result "1-0"]
[WhiteElo "2303"]
[BlackElo "2340"]
[PlyCount "71"]
[EventDate "2011.02.08"]
[EventType "swiss"]
[EventRounds "9"]
[EventCountry "RUS"]
[Source "lmi"]
[SourceDate "2011.02.08"]

1. e4 e6 2. d4 d5 3. Nd2 a6 4. Ngf3 Nf6 5. e5 Nfd7 6. Bd3 c5 7. c3 Nc6 8. O-O
g5 9. Kh1 h5 10. dxc5 g4 11. Nd4 Ncxe5 12. Bc2 Nxc5 13. f4 Nc6 14. N2b3 Nxb3
15. axb3 Bg7 16. Be3 Bd7 17. b4 a5 18. Nb5 O-O 19. f5 Nxb4 20. Ba4 Na6 21. Qd2
exf5 22. Nd4 Nc5 23. Bxd7 Qxd7 24. Nxf5 Nb3 25. Qf2 Ra6 26. Rad1 Bf6 27. Nh6+
Kh8 28. Qc2 a4 29. Rf5 Qe6 30. Rxh5 Qe4 31. Nxg4+ Kg7 32. Qxe4 dxe4 33. Rf1 Rg8
34. Rhf5 Bd8 35. Rxf7+ Kh8 36. Nh6 1-0

[Event "Aeroflot Open 2011 B"]
[Site "Moscu RUS"]
[Date "2011.02.15"]
[Round "8.46"]
[White "Denisov, Lev"]
[Black "Wang, Jue"]
[Result "1-0"]
[WhiteElo "2337"]
[BlackElo "2252"]
[PlyCount "179"]
[EventDate "2011.02.08"]
[EventType "swiss"]
[EventRounds "9"]
[EventCountry "RUS"]
[Source "lmi"]
[SourceDate "2011.02.08"]

1. e4 c5 2. Nf3 d6 3. d4 cxd4 4. Nxd4 Nf6 5. Nc3 a6 6. Be2 e5 7. Nb3 Be7 8. O-O
O-O 9. Re1 Be6 10. Bf3 Nbd7 11. a4 Qc7 12. Nd2 Rfd8 13. Nf1 Rac8 14. Ne3 Nc5
15. Ncd5 Nxd5 16. Nxd5 Bxd5 17. Qxd5 Qc6 18. Qa2 Ne6 19. c3 Qc4 20. Be3 Bg5 21.
Bb6 Re8 22. Red1 Qxa2 23. Rxa2 Rc6 24. Ba5 Bd8 25. Bb4 Bc7 26. g3 Ng5 27. Bg2
Bb6 28. a5 Ba7 29. Raa1 Rd8 30. Rd5 Ne6 31. Rad1 Bb8 32. h4 f6 33. R1d2 Kf7 34.
Bf3 Ke7 35. Bd1 Nc5 36. Bc2 Ba7 37. Kg2 b5 38. axb6 Bxb6 39. f4 a5 40. Ba3 Bc7
41. Kf3 Ke6 42. Bd1 Bb6 43. Be2 Nb7 44. Rb5 Rd7 45. Rb3 a4 46. Bb5 axb3 47.
Bxc6 Rc7 48. Bxb7 Rxb7 49. Rxd6+ Kf7 50. fxe5 fxe5 51. Rd5 Ke6 52. Rb5 Rf7+ 53.
Kg4 Bf2 54. Rxb3 g6 55. c4 Bd4 56. c5 Rc7 57. Rb6+ Kf7 58. b4 h5+ 59. Kf3 Ra7
60. Bc1 Ra2 61. g4 Rf2+ 62. Kg3 Rc2 63. gxh5 gxh5 64. Bg5 Rc3+ 65. Kg2 Rc4 66.
Rb7+ Kg6 67. Rb6+ Kf7 68. Rb7+ Ke8 69. Kf3 Bc3 70. b5 Rxc5 71. b6 Rb5 72. Re7+
Kf8 73. b7 Rb3 74. Ke2 Bd4 75. Rc7 Ba7 76. Kd2 Kg8 77. Kc2 Rb4 78. Kc3 Rxe4 79.
Rc8+ Kg7 80. Ra8 Ra4 81. Rxa7 Rxa7 82. b8=Q Rf7 83. Qxe5+ Kh7 84. Qe6 Kh8 85.
Qh6+ Kg8 86. Qg6+ Rg7 87. Qe8+ Kh7 88. Qxh5+ Kg8 89. Bf6 Rf7 90. Qh8# 1-0

[Event "Aeroflot Open 2011 B"]
[Site "Moscu RUS"]
[Date "2011.02.15"]
[Round "8.47"]
[White "Dolzhykova, Kateryna"]
[Black "Korchmar, Vasiliy"]
[Result "0-1"]
[WhiteElo "2303"]
[BlackElo "2216"]
[PlyCount "90"]
[EventDate "2011.02.08"]
[EventType "swiss"]
[EventRounds "9"]
[EventCountry "RUS"]
[Source "lmi"]
[SourceDate "2011.02.08"]

1. e4 c6 2. d4 d5 3. Nd2 dxe4 4. Nxe4 Bf5 5. Ng3 Bg6 6. Nh3 e6 7. Nf4 Qc7 8. h4
Bd6 9. Nxg6 hxg6 10. Ne4 Nf6 11. Nxf6+ gxf6 12. Qf3 Nd7 13. Bd2 O-O-O 14. O-O-O
f5 15. g4 Rh7 16. gxf5 gxf5 17. Bd3 Rdh8 18. h5 Bf8 19. Rh4 Nf6 20. Rdh1 Bh6
21. Be3 Qa5 22. a3 Bxe3+ 23. fxe3 Rxh5 24. Rxh5 Rxh5 25. Rxh5 Qe1+ 26. Qd1
Qxd1+ 27. Kxd1 Nxh5 28. Ke2 Kd7 29. c4 Ke7 30. b4 e5 31. Kf2 Ke6 32. a4 f4 33.
b5 f5 34. c5 exd4 35. exd4 Kd5 36. Bxf5 Kxd4 37. Bc8 Kxc5 38. Bxb7 cxb5 39.
axb5 Kxb5 40. Bf3 Nf6 41. Bd1 Kc4 42. Kf3 Nd5 43. Ba4 a5 44. Bc6 Kd4 45. Kg4
Nb4 0-1

[Event "Aeroflot Open 2011 B"]
[Site "Moscu RUS"]
[Date "2011.02.15"]
[Round "8.48"]
[White "Oganisjn, Roman"]
[Black "Ivakhinova, Inna"]
[Result "1/2-1/2"]
[WhiteElo "2293"]
[BlackElo "2324"]
[PlyCount "56"]
[EventDate "2011.02.08"]
[EventType "swiss"]
[EventRounds "9"]
[EventCountry "RUS"]
[Source "lmi"]
[SourceDate "2011.02.08"]

1. e4 e5 2. Nf3 Nc6 3. d4 exd4 4. Nxd4 Bb4+ 5. c3 Bc5 6. Be3 Bb6 7. Bc4 d6 8.
Nxc6 bxc6 9. Qf3 Nf6 10. Nd2 O-O 11. Bg5 h6 12. Bxf6 Qxf6 13. Qxf6 gxf6 14. g4
Re8 15. Kf1 d5 16. exd5 cxd5 17. Bd3 Kg7 18. Rg1 c5 19. Nf3 Bc7 20. Rd1 Rb8 21.
b3 Be6 22. h3 Be5 23. Nxe5 fxe5 24. f3 c4 25. bxc4 dxc4 26. Be4 Rb2 27. Rg2
Rxg2 28. Kxg2 Rb8 1/2-1/2

[Event "Aeroflot Open 2011 B"]
[Site "Moscu RUS"]
[Date "2011.02.15"]
[Round "8.49"]
[White "Bajt, Indira"]
[Black "Poghosyan, Suren"]
[Result "1/2-1/2"]
[WhiteElo "2215"]
[BlackElo "2317"]
[PlyCount "106"]
[EventDate "2011.02.08"]
[EventType "swiss"]
[EventRounds "9"]
[EventCountry "RUS"]
[Source "lmi"]
[SourceDate "2011.02.08"]

1. e4 e6 2. d4 d5 3. Nc3 Bb4 4. Nge2 dxe4 5. a3 Bxc3+ 6. Nxc3 Nc6 7. Bb5 Nge7
8. Bg5 f6 9. Be3 O-O 10. Nxe4 f5 11. Ng5 f4 12. Bd2 Qd5 13. Bxc6 Nxc6 14. Nf3
Nxd4 15. Nxd4 Qxd4 16. Bc3 Qe4+ 17. Qe2 Qxe2+ 18. Kxe2 e5 19. Kf3 h5 20. Rhe1
Bg4+ 21. Ke4 Bf5+ 22. Kf3 Bg4+ 23. Ke4 Rae8 24. Bxe5 Rf5 25. Kd4 c5+ 26. Kd5 h4
27. Kd6 Bh5 28. Bc3 Rc8 29. Re5 Rf6+ 30. Kd5 Bg6 31. Re7 Rd8+ 32. Kxc5 Rc6+ 33.
Kb4 Rb6+ 34. Kc5 Bf7 35. Re5 Rdd6 36. a4 a5 37. Rae1 Rbc6+ 38. Kb5 b6 39. R1e4
Bg6 40. Rd4 Bxc2 41. Red5 Rxd5+ 42. Kxc6 Rxd4 43. Bxd4 Bxa4+ 44. Kxb6 Kf7 45.
Kxa5 Bb3 46. Kb6 g5 47. Kc5 Ke6 48. g3 fxg3 49. fxg3 hxg3 50. hxg3 Bd5 51. b4
g4 52. b5 Bf3 53. Kb6 Kd7 1/2-1/2

[Event "Aeroflot Open 2011 B"]
[Site "Moscu RUS"]
[Date "2011.02.15"]
[Round "8.50"]
[White "Adamowicz, Katarzyna"]
[Black "Hernandez, Alexander"]
[Result "1-0"]
[WhiteElo "2103"]
[BlackElo "2285"]
[PlyCount "71"]
[EventDate "2011.02.08"]
[EventType "swiss"]
[EventRounds "9"]
[EventCountry "RUS"]
[Source "lmi"]
[SourceDate "2011.02.08"]

1. e4 c5 2. Nf3 d6 3. d4 cxd4 4. Nxd4 Nf6 5. Nc3 a6 6. Be3 Ng4 7. Bc1 Nc6 8.
Be2 Nf6 9. O-O e6 10. Be3 Be7 11. Kh1 O-O 12. f4 Bd7 13. Nb3 b5 14. a3 b4 15.
axb4 Nxb4 16. e5 Nfd5 17. Nxd5 Nxd5 18. Bd4 Qb8 19. c4 Nb4 20. Na5 Bc6 21. Bc3
dxe5 22. Bxb4 Bxg2+ 23. Kxg2 Qxb4 24. Nc6 Qb7 25. Bf3 Rac8 26. Nxe5 Qxb2+ 27.
Rf2 Qc3 28. Rxa6 Bc5 29. Rd2 Qe3 30. Nd7 Rfd8 31. Nf6+ gxf6 32. Rxd8+ Rxd8 33.
Qxd8+ Kg7 34. Qd1 Qxf4 35. Kh1 Qxc4 36. Ra4 1-0

[Event "Aeroflot Open 2011 B"]
[Site "Moscu RUS"]
[Date "2011.02.15"]
[Round "8.51"]
[White "Saduakassova, Dinara"]
[Black "Charochkina, Daria"]
[Result "1/2-1/2"]
[WhiteElo "2225"]
[BlackElo "2314"]
[PlyCount "110"]
[EventDate "2011.02.08"]
[EventType "swiss"]
[EventRounds "9"]
[EventCountry "RUS"]
[Source "lmi"]
[SourceDate "2011.02.08"]

1. d4 Nf6 2. Nf3 g6 3. g3 Bg7 4. Bg2 O-O 5. O-O d5 6. c4 dxc4 7. Na3 c3 8. bxc3
c5 9. Bb2 Nc6 10. Re1 Qb6 11. Nc4 Qa6 12. Ncd2 Rd8 13. e3 Bg4 14. h3 Bxf3 15.
Nxf3 e5 16. Bf1 Qa5 17. Qb3 e4 18. Nd2 cxd4 19. Nc4 Qc7 20. cxd4 Nd5 21. Rac1
Qe7 22. Ba3 Qe6 23. Nd2 Rd7 24. Qc2 Re8 25. Nb3 Qf5 26. Nc5 Rc7 27. Qb1 Nxd4
28. exd4 Bxd4 29. Re2 Qf3 30. Qb3 e3 31. Kh2 Rec8 32. Rcc2 Bxc5 33. Bg2 Qf5 34.
Qxd5 Qxd5 35. Bxd5 Bxa3 36. Rxc7 Rxc7 37. Rxe3 Bc5 38. Rc3 b6 39. Kg2 Kg7 40.
h4 Re7 41. Bc4 Re4 42. Kf3 Rd4 43. Bb3 a5 44. Rc4 Rd5 45. Rc2 Rd4 46. Rc4 Rd6
47. Rc2 f5 48. Rc1 Rd2 49. Rc2 Rd3+ 50. Ke2 Rd7 51. a4 Kf6 52. Bc4 f4 53. Bb5
Rd4 54. Rc4 fxg3 55. Rxd4 Bxd4 1/2-1/2

[Event "Aeroflot Open 2011 B"]
[Site "Moscu RUS"]
[Date "2011.02.15"]
[Round "8.52"]
[White "Zhelesny, Stanislav"]
[Black "Kovanova, Baira"]
[Result "1/2-1/2"]
[WhiteElo "2146"]
[BlackElo "2391"]
[PlyCount "96"]
[EventDate "2011.02.08"]
[EventType "swiss"]
[EventRounds "9"]
[EventCountry "RUS"]
[Source "lmi"]
[SourceDate "2011.02.08"]

1. Nf3 Nf6 2. g3 d5 3. Bg2 c6 4. d4 Bf5 5. c3 h6 6. Nbd2 e6 7. O-O Be7 8. Ne5
O-O 9. Ndf3 c5 10. c4 Be4 11. dxc5 Bxc5 12. Nd3 Be7 13. Nde5 Nc6 14. cxd5 exd5
15. Be3 Nb4 16. Nd4 Bd6 17. Nef3 Rc8 18. a3 Nc2 19. Nxc2 Rxc2 20. Bd4 Qe7 21.
Bc3 Bc5 22. Rc1 Rxc1 23. Qxc1 Rc8 24. Qf4 Bd6 25. Qd2 a6 26. Rd1 Bc5 27. Qf4
Nd7 28. Bh3 f5 29. Bxf5 Rf8 30. g4 Bxf5 31. gxf5 Qxe2 32. Rf1 Qd3 33. Qg3 Nf6
34. Nd4 Qxg3+ 35. fxg3 Ne4 36. Kg2 Nxc3 37. bxc3 Bxa3 38. Ne6 Rc8 39. Rd1 Rxc3
40. Rxd5 Rc2+ 41. Kf3 Bb2 42. Rd8+ Kf7 43. Rd7+ Kf6 44. Rxg7 b5 45. g4 Rc3+ 46.
Ke4 Rc4+ 47. Kf3 Rc3+ 48. Ke4 Rc4+ 1/2-1/2

[Event "Aeroflot Open 2011 B"]
[Site "Moscu RUS"]
[Date "2011.02.16"]
[Round "9.3"]
[White "Laylo, Darwin"]
[Black "Gavrilov, Alexei"]
[Result "1-0"]
[WhiteElo "2516"]
[BlackElo "2484"]
[PlyCount "69"]
[EventDate "2011.02.08"]
[EventType "swiss"]
[EventRounds "9"]
[EventCountry "RUS"]
[Source "lmi"]
[SourceDate "2011.02.08"]

1. d4 Nf6 2. c4 g6 3. Nc3 Bg7 4. g3 O-O 5. Bg2 d6 6. Nf3 Nc6 7. O-O Bf5 8. d5
Na5 9. Nd2 c6 10. e4 Bg4 11. Qa4 cxd5 12. cxd5 Bd7 13. Qb4 Qc7 14. e5 Ne8 15.
e6 fxe6 16. Bh3 Nf6 17. dxe6 Bc6 18. Nde4 Nxe4 19. Nxe4 Qb6 20. Qe1 Bb5 21. Be3
Qd8 22. Ng5 Bxf1 23. Qxf1 Nc6 24. Bg4 Ne5 25. Qh3 h6 26. Nf7 Nxf7 27. exf7+ Kh7
28. Be6 Qa5 29. Rc1 d5 30. Rd1 Rad8 31. Rd4 Rd6 32. Rh4 g5 33. Qf5+ Kh8 34.
Rxh6+ Bxh6 35. Bd4+ 1-0

[Event "Aeroflot Open 2011 B"]
[Site "Moscu RUS"]
[Date "2011.02.16"]
[Round "9.4"]
[White "Pridorozhni, Aleksei"]
[Black "Belous, Vladimir"]
[Result "1-0"]
[WhiteElo "2543"]
[BlackElo "2497"]
[PlyCount "81"]
[EventDate "2011.02.08"]
[EventType "swiss"]
[EventRounds "9"]
[EventCountry "RUS"]
[Source "lmi"]
[SourceDate "2011.02.08"]

1. e4 c5 2. Nf3 Nc6 3. Bb5 g6 4. c3 Nf6 5. Qe2 Bg7 6. O-O O-O 7. Rd1 d6 8. d4
cxd4 9. cxd4 Bg4 10. Nc3 a6 11. Bxc6 bxc6 12. h3 Bxf3 13. Qxf3 Nd7 14. Be3 Rb8
15. b3 Qa5 16. Rac1 Rfe8 17. Na4 Rec8 18. Rc2 Qb5 19. Rdc1 Nb6 20. Nxb6 Qxb6
21. e5 dxe5 22. dxe5 Qa5 23. e6 fxe6 24. Rxc6 Rxc6 25. Qxc6 Kf7 26. Qc7 Rb5 27.
Qxa5 Rxa5 28. Rc2 Rd5 29. Kf1 Bd4 30. Bxd4 Rxd4 31. Ke2 a5 32. Ke3 Rd5 33. Rc4
Kf6 34. Rf4+ Ke5 35. Rf7 a4 36. bxa4 Rd4 37. f4+ Kd5 38. Rxe7 Rxa4 39. Rd7+ Kc6
40. Rxh7 Ra3+ 41. Kf2 1-0

[Event "Aeroflot Open 2011 B"]
[Site "Moscu RUS"]
[Date "2011.02.16"]
[Round "9.5"]
[White "Smirnov, Pavel"]
[Black "Petrosian, Davit G"]
[Result "1-0"]
[WhiteElo "2523"]
[BlackElo "2485"]
[PlyCount "95"]
[EventDate "2011.02.08"]
[EventType "swiss"]
[EventRounds "9"]
[EventCountry "RUS"]
[Source "lmi"]
[SourceDate "2011.02.08"]

1. e4 e6 2. d4 d5 3. Nc3 Bb4 4. e5 c5 5. a3 Bxc3+ 6. bxc3 Ne7 7. Qg4 Qc7 8.
Qxg7 Rg8 9. Qxh7 cxd4 10. Ne2 Nbc6 11. f4 dxc3 12. Qd3 d4 13. Rb1 Bd7 14. g3
O-O-O 15. Bg2 Nf5 16. O-O Kb8 17. Be4 b6 18. a4 Bc8 19. Ba3 Bb7 20. Rfd1 Ka8
21. Bxf5 exf5 22. Bd6 Qd7 23. Kf2 f6 24. a5 fxe5 25. fxe5 Nxe5 26. Bxe5 Qd5 27.
Nxd4 Qxe5 28. a6 Be4 29. Qe3 f4 30. gxf4 Rdf8 31. Ne2 Qe7 32. Ng3 Rxf4+ 33. Ke1
Qh4 34. Rb4 Re8 35. Rbd4 Kb8 36. Rd8+ Rxd8 37. Rxd8+ Kc7 38. Rd4 Qh6 39. Rxe4
Rxe4 40. Qxe4 Qd2+ 41. Kf1 Qxh2 42. Qb7+ Kd6 43. Qxa7 Qxc2 44. Qxb6+ Ke5 45.
Qc5+ Ke6 46. a7 Qd3+ 47. Kf2 Qa6 48. Ne2 1-0

[Event "Aeroflot Open 2011 B"]
[Site "Moscu RUS"]
[Date "2011.02.16"]
[Round "9.6"]
[White "Wen, Yang"]
[Black "Reshetnikov, Alexey"]
[Result "1-0"]
[WhiteElo "2509"]
[BlackElo "2478"]
[PlyCount "53"]
[EventDate "2011.02.08"]
[EventType "swiss"]
[EventRounds "9"]
[EventCountry "RUS"]
[Source "lmi"]
[SourceDate "2011.02.08"]

1. d4 d5 2. c4 c6 3. Nf3 Nf6 4. Qc2 dxc4 5. Qxc4 e6 6. Qc2 b6 7. Nc3 Be7 8. e4
O-O 9. e5 Nd5 10. h4 c5 11. Nxd5 exd5 12. Bd3 g6 13. Bh6 c4 14. Bxf8 Bxf8 15.
Be2 Bb4+ 16. Kf1 Nc6 17. Rd1 h5 18. Qc1 Bf5 19. Qf4 Be7 20. Nh2 Nb4 21. g4 Bc2
22. Rd2 Bxh4 23. Nf3 Nd3 24. Qh2 Nxf2 25. Nxh4 Nxh1 26. Rxc2 Qg5 27. Nf3 1-0

[Event "Aeroflot Open 2011 B"]
[Site "Moscu RUS"]
[Date "2011.02.16"]
[Round "9.7"]
[White "Hayrapetian, Ovik"]
[Black "Gabrielian, Artur"]
[Result "1/2-1/2"]
[WhiteElo "2344"]
[BlackElo "2543"]
[PlyCount "36"]
[EventDate "2011.02.08"]
[EventType "swiss"]
[EventRounds "9"]
[EventCountry "RUS"]
[Source "lmi"]
[SourceDate "2011.02.08"]

1. d4 Nf6 2. Nf3 g6 3. c4 Bg7 4. Nc3 d5 5. cxd5 Nxd5 6. e4 Nxc3 7. bxc3 c5 8.
Rb1 O-O 9. Be2 Nc6 10. d5 Ne5 11. Nxe5 Bxe5 12. Qc2 Qc7 13. g3 e6 14. f4 Bg7
15. dxe6 Bxe6 16. O-O Bh3 17. Rd1 Rfe8 18. Bf3 Rad8 1/2-1/2

[Event "Aeroflot Open 2011 B"]
[Site "Moscu RUS"]
[Date "2011.02.16"]
[Round "9.8"]
[White "Gundavaa, Bayarsaikhan"]
[Black "Pavlov, Sergey"]
[Result "1-0"]
[WhiteElo "2493"]
[BlackElo "2530"]
[PlyCount "69"]
[EventDate "2011.02.08"]
[EventType "swiss"]
[EventRounds "9"]
[EventCountry "RUS"]
[Source "lmi"]
[SourceDate "2011.02.08"]

1. d4 Nf6 2. c4 e6 3. Nc3 Bb4 4. a3 Bxc3+ 5. bxc3 c5 6. e3 O-O 7. Bd3 d5 8.
cxd5 exd5 9. Ne2 b6 10. O-O Ba6 11. dxc5 Bxd3 12. Qxd3 bxc5 13. c4 dxc4 14.
Qxc4 Nbd7 15. Bb2 Qe7 16. Rac1 Rac8 17. Ng3 Qe6 18. Qf4 Nd5 19. Qf5 Rfe8 20.
Rfd1 N7b6 21. e4 Nf6 22. Bxf6 Qxf6 23. Qxf6 gxf6 24. Nf5 Re6 25. Rxc5 Rce8 26.
f3 Nc8 27. Rd7 Ne7 28. Nd6 Rf8 29. Rcc7 a6 30. Kf2 Rb8 31. Rxe7 Rxd6 32. Rxf7
Rb2+ 33. Kg3 Rdd2 34. Rg7+ Kf8 35. Kh3 1-0

[Event "Aeroflot Open 2011 B"]
[Site "Moscu RUS"]
[Date "2011.02.16"]
[Round "9.9"]
[White "Iljushin, Alexei"]
[Black "Bogdanovich, Stanislav"]
[Result "1/2-1/2"]
[WhiteElo "2527"]
[BlackElo "2484"]
[PlyCount "31"]
[EventDate "2011.02.08"]
[EventType "swiss"]
[EventRounds "9"]
[EventCountry "RUS"]
[Source "lmi"]
[SourceDate "2011.02.08"]

1. d4 d5 2. c4 c6 3. Nf3 dxc4 4. a4 Nf6 5. Nc3 Bf5 6. Ne5 Nbd7 7. Nxc4 Nb6 8.
Ne5 a5 9. g3 e6 10. Bg2 Bb4 11. O-O O-O 12. e3 h6 13. Qe2 Bh7 14. Rd1 Qe7 15.
e4 Rfd8 16. Bf4 1/2-1/2

[Event "Aeroflot Open 2011 B"]
[Site "Moscu RUS"]
[Date "2011.02.16"]
[Round "9.10"]
[White "Shimanov, Aleksandr"]
[Black "Predke, Alexandr"]
[Result "1/2-1/2"]
[WhiteElo "2520"]
[BlackElo "2415"]
[PlyCount "71"]
[EventDate "2011.02.08"]
[EventType "swiss"]
[EventRounds "9"]
[EventCountry "RUS"]
[Source "lmi"]
[SourceDate "2011.02.08"]

1. c4 e5 2. Nc3 Nf6 3. Nf3 Nc6 4. g3 d5 5. cxd5 Nxd5 6. Bg2 Nb6 7. O-O Be7 8.
a3 O-O 9. b4 Be6 10. Rb1 f6 11. d3 a5 12. b5 Nd4 13. Nd2 Qc8 14. e3 Nf5 15. Qc2
Rd8 16. Rd1 a4 17. Nce4 Bd5 18. Nc4 Qe6 19. Ncd2 Qd7 20. Bf1 Ra5 21. Nc3 Be6
22. Nc4 Raa8 23. Bg2 Qc8 24. Bb2 Nd6 25. Nxb6 cxb6 26. Rdc1 Nf7 27. Qd1 Qd7 28.
d4 Bb3 29. Qf3 exd4 30. exd4 Ng5 31. Qxb7 Nh3+ 32. Kf1 Bc4+ 33. Ne2 Bxe2+ 34.
Kxe2 Qxb5+ 35. Kd2 Bxa3 36. Rc7 1/2-1/2

[Event "Aeroflot Open 2011 B"]
[Site "Moscu RUS"]
[Date "2011.02.16"]
[Round "9.11"]
[White "Obolenskikh, Dmitry"]
[Black "Durarbeyli, Vasif"]
[Result "1/2-1/2"]
[WhiteElo "2467"]
[BlackElo "2504"]
[PlyCount "55"]
[EventDate "2011.02.08"]
[EventType "swiss"]
[EventRounds "9"]
[EventCountry "RUS"]
[Source "lmi"]
[SourceDate "2011.02.08"]

1. Nf3 Nf6 2. c4 b6 3. g3 Bb7 4. Bg2 e6 5. O-O Be7 6. Nc3 O-O 7. Re1 Ne4 8.
Nxe4 Bxe4 9. d3 Bb7 10. e4 c5 11. d4 cxd4 12. Nxd4 d6 13. b3 a6 14. Bb2 Nd7 15.
Qd2 Qc7 16. Rac1 Rfe8 17. Ne2 h6 18. h4 Rad8 19. Bd4 Qb8 20. Nc3 Bf8 21. a4 Rc8
22. Qa2 Ba8 23. Red1 Ne5 24. Be3 Ng4 25. Bf4 Ne5 26. Be3 Ng4 27. Bf4 Ne5 28.
Be3 1/2-1/2

[Event "Aeroflot Open 2011 B"]
[Site "Moscu RUS"]
[Date "2011.02.16"]
[Round "9.12"]
[White "Ismagambetov, Anuar"]
[Black "Stukopin, Andrey"]
[Result "1/2-1/2"]
[WhiteElo "2499"]
[BlackElo "2462"]
[PlyCount "83"]
[EventDate "2011.02.08"]
[EventType "swiss"]
[EventRounds "9"]
[EventCountry "RUS"]
[Source "lmi"]
[SourceDate "2011.02.08"]

1. e4 c5 2. Nf3 e6 3. d4 cxd4 4. Nxd4 a6 5. Bd3 Ne7 6. O-O Nec6 7. Nb3 d6 8. c4
Nd7 9. Nc3 Be7 10. Be3 Nc5 11. Be2 b6 12. Qd2 Qc7 13. Nd4 Bb7 14. f3 Rc8 15.
Rfd1 O-O 16. Bf1 Qb8 17. Qf2 Ne5 18. Rac1 Bd8 19. Kh1 Bc7 20. Be2 Ng6 21. Qg1
Rfe8 22. b4 Nd7 23. Nb3 Rcd8 24. Na4 Bc6 25. Nc3 Ba8 26. Rd2 Nge5 27. Rcd1 Nf6
28. Qf2 h6 29. Qg1 Ned7 30. Bf4 Ne5 31. Be3 Ned7 32. c5 dxc5 33. Bxa6 cxb4 34.
Nb5 Be5 35. Nd6 Rf8 36. Nc4 Bc3 37. Rd3 Bc6 38. Nxb6 Nxb6 39. Bxb6 Rxd3 40.
Rxd3 Nd7 41. Bd4 Ne5 42. Rd1 1/2-1/2

[Event "Aeroflot Open 2011 B"]
[Site "Moscu RUS"]
[Date "2011.02.16"]
[Round "9.13"]
[White "Lu, Shanglei"]
[Black "Xu, Jun"]
[Result "1-0"]
[WhiteElo "2416"]
[BlackElo "2494"]
[PlyCount "107"]
[EventDate "2011.02.08"]
[EventType "swiss"]
[EventRounds "9"]
[EventCountry "RUS"]
[Source "lmi"]
[SourceDate "2011.02.08"]

1. e4 c5 2. Nf3 d6 3. d4 cxd4 4. Nxd4 Nf6 5. Nc3 a6 6. Bg5 e6 7. f4 Qc7 8. Qf3
Nc6 9. O-O-O Be7 10. Nxc6 Qxc6 11. Bd3 b5 12. Rde1 Bb7 13. f5 b4 14. Bxf6 gxf6
15. Nd1 O-O-O 16. fxe6 fxe6 17. Qh3 f5 18. exf5 Bg5+ 19. Kb1 e5 20. Nf2 Kb8 21.
Ne4 h6 22. Rhf1 Qb6 23. Nxg5 hxg5 24. Qg3 Qd4 25. Qxg5 Rdg8 26. Qe7 Bxg2 27.
Rg1 Re8 28. Qg5 Reg8 29. Qd2 Bd5 30. Rgf1 Rg2 31. Qd1 Rhxh2 32. f6 Rd2 33. Qc1
Bf7 34. Rd1 Qe3 35. Rxd2 Rxd2 36. Bxa6 Kc7 37. b3 d5 38. Rf3 Qd4 39. Rd3 Rxd3
40. Bxd3 Kd6 41. a4 Qf2 42. Qf1 Qe3 43. a5 e4 44. Bb5 Ke5 45. a6 Qb6 46. Bd7
Kd6 47. Bg4 Qe3 48. Qf5 Qa7 49. Qc8 Ke5 50. Qb7 Qg1+ 51. Kb2 Qd4+ 52. Ka2 Kxf6
53. a7 Qc5 54. Bd1 1-0

[Event "Aeroflot Open 2011 B"]
[Site "Moscu RUS"]
[Date "2011.02.16"]
[Round "9.14"]
[White "Zhao, Xue"]
[Black "Bitoon, Richard"]
[Result "1/2-1/2"]
[WhiteElo "2496"]
[BlackElo "2461"]
[PlyCount "80"]
[EventDate "2011.02.08"]
[EventType "swiss"]
[EventRounds "9"]
[EventCountry "RUS"]
[Source "lmi"]
[SourceDate "2011.02.08"]

1. d4 Nf6 2. c4 e6 3. Nf3 b6 4. g3 Ba6 5. Qa4 Bb7 6. Bg2 c5 7. dxc5 bxc5 8. O-O
Be7 9. Nc3 O-O 10. Rd1 Qb6 11. Bf4 d6 12. Rab1 Na6 13. Rd2 Rfd8 14. Rbd1 h6 15.
h3 Nc7 16. g4 e5 17. Bg3 Ne6 18. Ne1 Ng5 19. Qc2 Rab8 20. Kh2 g6 21. b3 Kg7 22.
Bh4 Rh8 23. Bxb7 Qxb7 24. Ng2 Ne8 25. Nd5 h5 26. Nxe7 Qxe7 27. Kg3 Rd8 28. f3
hxg4 29. hxg4 Nc7 30. Bxg5 Qxg5 31. Rxd6 Rxd6 32. Rxd6 Ne6 33. Qd2 Nf4 34. Nxf4
exf4+ 35. Kg2 Rh2+ 36. Kxh2 Qh4+ 37. Kg2 Qg3+ 38. Kf1 Qh3+ 39. Kf2 Qh2+ 40. Kf1
Qh1+ 1/2-1/2

[Event "Aeroflot Open 2011 B"]
[Site "Moscu RUS"]
[Date "2011.02.16"]
[Round "9.15"]
[White "Wan, Yunguo"]
[Black "Lenderman, Aleksandr"]
[Result "1/2-1/2"]
[WhiteElo "2469"]
[BlackElo "2549"]
[PlyCount "99"]
[EventDate "2011.02.08"]
[EventType "swiss"]
[EventRounds "9"]
[EventCountry "RUS"]
[Source "lmi"]
[SourceDate "2011.02.08"]

1. e4 c6 2. d4 d5 3. Nc3 dxe4 4. Nxe4 Bf5 5. Ng3 Bg6 6. h4 h6 7. Nf3 Nd7 8. h5
Bh7 9. Bd3 Bxd3 10. Qxd3 e6 11. Bf4 Ngf6 12. O-O-O Qa5 13. Kb1 Be7 14. Rhe1 Rd8
15. Ne5 Nxe5 16. Bxe5 O-O 17. Ne4 Ng4 18. Qg3 Nxe5 19. dxe5 Rxd1+ 20. Rxd1 Rd8
21. Rxd8+ Qxd8 22. Nd6 Qa5 23. a3 Bxd6 24. exd6 Qd5 25. c4 Qd4 26. c5 Kf8 27.
b4 Ke8 28. Qf3 a5 29. Qb3 Qxf2 30. bxa5 Qf1+ 31. Ka2 Qxg2+ 32. Ka1 Qf1+ 33. Ka2
Qe2+ 34. Ka1 Qe1+ 35. Ka2 Qe2+ 36. Ka1 Qe5+ 37. Kb1 Qf5+ 38. Kb2 Qf6+ 39. Kb1
Qf1+ 40. Ka2 Qg2+ 41. Ka1 Qh1+ 42. Kb2 Qh2+ 43. Kb1 Qg1+ 44. Ka2 Qf2+ 45. Kb1
Qe1+ 46. Ka2 Qd2+ 47. Ka1 Qxa5 48. Qxb7 Qxa3+ 49. Kb1 Qd3+ 50. Kc1 1/2-1/2

[Event "Aeroflot Open 2011 B"]
[Site "Moscu RUS"]
[Date "2011.02.16"]
[Round "9.16"]
[White "Shaposhnikov, Evgeny"]
[Black "Gabuzyan, Hovhannes"]
[Result "0-1"]
[WhiteElo "2549"]
[BlackElo "2380"]
[PlyCount "82"]
[EventDate "2011.02.08"]
[EventType "swiss"]
[EventRounds "9"]
[EventCountry "RUS"]
[Source "lmi"]
[SourceDate "2011.02.08"]

1. e4 c5 2. Nf3 d6 3. c3 Nf6 4. Bd3 g6 5. O-O Bg7 6. Bb5+ Bd7 7. Bxd7+ Nbxd7 8.
Qe2 O-O 9. d4 Qb6 10. e5 dxe5 11. dxe5 Ne8 12. c4 Qe6 13. Re1 f6 14. exf6 Qxe2
15. f7+ Rxf7 16. Rxe2 Nd6 17. Na3 Nb6 18. Ng5 Rf5 19. Rc2 Bd4 20. Nf3 e5 21.
Be3 Na4 22. Rb1 Rd8 23. b3 Nc3 24. Re1 Nde4 25. Nb1 Nxb1 26. Rxb1 Bxe3 27. fxe3
Rd3 28. Re1 g5 29. Ree2 g4 30. Nd2 Kf7 31. g3 Ng5 32. Kg2 e4 33. Rf2 Rf3 34.
Nf1 Rd1 35. Nd2 Re1 36. Nxe4 Nxe4 37. Rxf3+ gxf3+ 38. Kxf3 Nd6 39. Rd2 Ke6 40.
Rd5 Rf1+ 41. Kg4 Ne4 0-1